Skippy: the underwater treasure / (Record no. 112137)
[ view plain ]
| 000 -LEADER | |
|---|---|
| fixed length control field | 00471nam a2200169 a 4500 |
| 001 - CONTROL NUMBER | |
| control field | 0287 |
| 005 - DATE AND TIME OF LATEST TRANSACTION | |
| control field | 20140414131928.0 |
| 008 - FIXED-LENGTH DATA ELEMENTS--GENERAL INFORMATION | |
| fixed length control field | 040909s19uu xx 00 eng d |
| 050 ## - LIBRARY OF CONGRESS CALL NUMBER | |
| Classification number | ER |
| Item number | Sk3 1998 |
| 100 ## - MAIN ENTRY--PERSONAL NAME | |
| Personal name | Odgers, Sally Farrell |
| 245 ## - TITLE STATEMENT | |
| Title | Skippy: the underwater treasure / |
| Statement of responsibility, etc | Sally Farrell Odgers. |
| 260 ## - PUBLICATION, DISTRIBUTION, ETC. (IMPRINT) | |
| Place of publication, distribution, etc | Australia : |
| Name of publisher, distributor, etc | Hodder Children's Books, |
| Date of publication, distribution, etc | 1998. |
| 300 ## - PHYSICAL DESCRIPTION | |
| Extent | 1 v.p. : ill. ; cm. |
| 650 ## - SUBJECT ADDED ENTRY--TOPICAL TERM | |
| Topical term or geographic name as entry element | Children stories. |
| Withdrawn status | Lost status | Damaged status | Use restrictions | Home library | Current library | Shelving location | Date acquired | Source of acquisition | Total Checkouts | Full call number | Barcode | Date last seen | Price effective from | Koha item type |
|---|---|---|---|---|---|---|---|---|---|---|---|---|---|---|
| Munich Library | Munich Library | Easy Reading Section | 09/09/2004 | ER Sk3 1998 | M3194 | 04/14/2014 | 04/14/2014 | Books | ||||||
| Munich Library | Munich Library | Easy Reading Section | 10/27/2010 | ER Sk3 1998 | M3193 | 04/14/2014 | 04/14/2014 | Books |